000 00970nam a22002897a 4500
001 9514
003 FISKH
005 20260116124024.0
008 260116b cb ||||| |||| 00| 0 eng d
020 _a9780765192646
040 _aFISKH
_beng
_cFISKH
_dFISKH
082 _a503
100 _aScarborough , Kate
245 _aFirst science encyclopedia /
_cWritten by Kate Scarborough and Philippa Moyle : Illustrated by Teresa Foster
250 _aThis edition published in 1998
260 _aNew York :
_bSmithmark Publishers ,
_c1997.
300 _a40 pages :
_bcolor illustrations ;
_c34 cm .
505 _aZ
520 _aBasic scientific concepts are clearly explained in simple language and colorful illustrations.
521 8 _a950
_bLexile IG
521 8 _aZ
_bRaz-Plus
650 _aEncyclopedia
_vNon-fiction
650 _aScience
_vNon-fiction
700 _aFoster , Teresa
_eIllustrator
942 _2ddc
_cBK
_n0
999 _c9514
_d9514